000 00589nam a22001697a 4500
999 _c11473
_d11473
008 181205b ||||| |||| 00| 0 eng d
020 _a978-971-9645-19-1
082 _22016
_aDFil 373
_bB862
100 _aBueno, David Cababaro
_917113
245 _aFundamentals of curriculum theory and development :
_bA modular approach /
_cDavid Cababaro Bueno
260 _aQuezon City :
_bGreat Books Trading,
_c©2016.
300 _avi, 191 pages :
_c22 cm.
500 _aIncludes bibliographical references.
650 _aEducation
_xCurricula
_932888
365 _b395.00
_cphp
942 _2ddc
_cDFIL